| 000 | 00619 a2200169 4500 | ||
|---|---|---|---|
| 003 | Nust | ||
| 005 | 20220726161858.0 | ||
| 040 | _cNust | ||
| 082 | _a004.22,SIN | ||
| 100 |
_aSinclair,Ian _995343 |
||
| 245 |
_aPC trouble shooter / _cIan Sinclair |
||
| 260 |
_aNew Delhi _bGalgotia _c1991 |
||
| 300 | _a182p. | ||
| 505 | _aVideo Problems (Page-1), Disk Drives and Disks (Page-27), Keyboard and Mouse (Page-53), Printers (Page-68), Serial Ports (Page-89), Dos and its Problems (Page-107), Programs (Page-124), Expansion of the PC Machine (Page-138). | ||
| 650 |
_aTrouble Shooter _995344 |
||
| 942 |
_2ddc _cBK _k004.22,SIN |
||
| 999 |
_c176303 _d176303 |
||